Effet des engrais verts sur le riz 'sen pidor' a` la station expe`rimentae de l'universite` royale d'agriculture. (Record no. 1572)
[ view plain ]
| 000 -LEADER | |
|---|---|
| fixed length control field | 00462nam a22001577a 4500 |
| 003 - CONTROL NUMBER IDENTIFIER | |
| control field | OSt |
| 005 - DATE AND TIME OF LATEST TRANSACTION | |
| control field | 20151001110129.0 |
| 008 - FIXED-LENGTH DATA ELEMENTS--GENERAL INFORMATION | |
| fixed length control field | 151001b xxu||||| |||| 00| 0 eng d |
| 040 ## - CATALOGING SOURCE | |
| Transcribing agency | RUA |
| 082 ## - DEWEY DECIMAL CLASSIFICATION NUMBER | |
| Classification number | AGR SOK 2005 B062 Or.1 |
| 100 ## - MAIN ENTRY--PERSONAL NAME | |
| 9 (RLIN) | 1667 |
| Personal name | SOK, SARA`NG. |
| 245 ## - TITLE STATEMENT | |
| Title | Effet des engrais verts sur le riz 'sen pidor' a` la station expe`rimentae de l'universite` royale d'agriculture. |
| 260 ## - PUBLICATION, DISTRIBUTION, ETC. (IMPRINT) | |
| Place of publication, distribution, etc. | phnom phen |
| 300 ## - PHYSICAL DESCRIPTION | |
| Extent | 47p. |
| Other physical details | ill. |
| Dimensions | 29cm. |
| 942 ## - ADDED ENTRY ELEMENTS (KOHA) | |
| Source of classification or shelving scheme | |
| Koha item type | AGR |
| Price effective from | Date last seen | Permanent Location | Not for loan | Date acquired | Source of classification or shelving scheme | Koha item type | Barcode | Lost status | Damaged status | Shelving location | Withdrawn status | Current Location | Full call number |
|---|---|---|---|---|---|---|---|---|---|---|---|---|---|
| 2015-10-01 | 2015-10-01 | Library Block B | 2015-10-01 | AGR | RUA003202 | B062 | Library Block B | AGR SOK 2005 B062 Or.1 | |||||
| 2015-10-01 | 2015-10-01 | Library Block B | 2015-10-01 | AGR | RUA003170 | B062 | Library Block B | AGR SOK 2005 B062 Or.2 | |||||
| 2015-10-01 | 2015-10-01 | Library Block B | 2015-10-01 | AGR | RUA003462 | B062 | Library Block B | AGR SOK 2005 B062 Or.3 | |||||
| 2015-10-01 | 2015-10-01 | Library Block B | 2015-10-01 | AGR | RUA003534 | B062 | Library Block B | AGR SOK 2005 B062 Or.4 | |||||
| 2015-10-01 | 2015-10-01 | Library Block B | 2015-10-01 | AGR | RUA003575 | B062 | Library Block B | AGR SOK 2005 B062 Or.5 |